Oversight of VA pacemaker policy : hearing before the Committee on Veterans' Affairs, United States Senate, Ninety-sixth Congress, second session, Wednesday, April 23, 1980.

Bibliographic Details
Corporate Authors: United States. Congress. Senate. Committee on Veterans' Affairs, ProQuest (Firm)
Format: Government Document eBook
Language:English
Published: Washington : U.S. G.P.O., 1980.
Series:U.S. Congressional Hearings.
Subjects:
Online Access:Connect to the full text of this electronic book

MARC

Tag First Indicator Second Indicator Subfields
LEADER 00000cam a22000001a 4500
001 in00003210607
006 m d f
007 cr bn mmmapmmp
008 100322s1980 dcua ob f000 0 eng d
005 20260504202230.7
035 |a cis2007494449 
040 |a UMI  |c UMI  |d UtOrBLW 
043 |a n-us--- 
074 |a 1046-A 
086 0 |a Y 4.V 64/4:P 11 
099 |a HRG-1980-VAS-0004 
110 1 |a United States.  |b Congress.  |b Senate.  |b Committee on Veterans' Affairs. 
245 1 0 |a Oversight of VA pacemaker policy :  |b hearing before the Committee on Veterans' Affairs, United States Senate, Ninety-sixth Congress, second session, Wednesday, April 23, 1980. 
264 1 |a Washington :  |b U.S. G.P.O.,  |c 1980. 
300 |a 1 online resource. 
336 |a text  |b txt  |2 rdacontent 
337 |a computer  |b c  |2 rdamedia 
338 |a online resource  |b cr  |2 rdacarrier 
500 |a Record is based on bibliographic data in ProQuest Congressional Hearings Digital Collection. Reuse except for individual research requires license from ProQuest, LLC. 
504 |a Includes bibliographical references. 
538 |a System requirements: PDF reader software. 
500 |a Electronic resource. 
610 1 0 |a United States.  |b Veterans Administration. 
650 0 |a Cardiac pacemakers. 
650 0 |a Veterans  |x Medical care  |z United States. 
655 7 |a Electronic books.  |2 local 
710 2 |a ProQuest (Firm) 
776 0 8 |i Print version:   |a United States. Congress. Senate. Committee on Veterans' Affairs.  |t Oversight of VA pacemaker policy  |w (OCoLC)07081022  |w gp 81002117 
776 0 8 |i Microfiche version:   |a United States. Congress. Senate. Committee on Veterans' Affairs.  |t Oversight of VA pacemaker policy.  |d [Bethesda, Md.] : ProQuest,[2004]  |o CIS 81 S761-2  |w (ProQuest)cis08102742 
830 0 |a U.S. Congressional Hearings. 
856 4 0 |u http://proxy.library.tamu.edu/login?url=https://congressional.proquest.com/congcomp/getdoc?HEARING-ID=HRG-1980-VAS-0004  |z Connect to the full text of this electronic book  |t 0 
998 |a cis08102742 
999 |a MARS 
999 f f |s 753e73f9-5206-3fd4-8704-43748317dc4f  |i 451ece1e-463b-3862-a70a-408f9072d11b  |t 0 
952 f f |a Texas A&M University  |b College Station  |c Electronic Resources  |s www_evans  |d Available Online  |t 0  |e HRG-1980-VAS-0004  |h Other scheme 
998 f f |a HRG-1980-VAS-0004  |t 0  |l Available Online